| 000 | 00804cam a2200277 4500 | ||
|---|---|---|---|
| 001 | M1659 | ||
| 008 | 090401t xxu||||| |||| 00| 0 eng d | ||
| 035 | _a(Sirsi) u33603 | ||
| 041 | _aeng | ||
| 050 | _a333.0071 | ||
| 090 | _aRICS 1994/76A | ||
| 110 |
_aRoyal Institution of Chartered Surveyors _94900 |
||
| 245 | _aInvestigating the property profession: the national curriculum in context: guidance notes. | ||
| 260 |
_aLondon _bRICS _c1994? |
||
| 300 | _a13p. ; 30cm. | ||
| 350 | _a0 | ||
| 650 | _aABOUT RICS-RICS MEMBERS | ||
| 650 | _aNATIONAL CURRICULUM | ||
| 650 | _aPROPERTY PROFESSION | ||
| 650 | _aRICS SCHOOLS INITIATIVE | ||
| 650 | _aSCHOOL CURRICULUM INDUSTRY PARTNERSHIP | ||
| 650 | _aSCHOOLS INITIATIVE | ||
| 690 | _aECONOMIC AND SOCIAL | ||
| 942 | _n0 | ||
| 948 | _c04/03/1997 | ||
| 999 |
_c89827 _d89827 |
||